000 00807nam a2200253 4500
003 EG-GICUC
005 20260409113542.0
008 260409s1947 -ge||||| |||| 00| 0 fre d
040 _aEG-GiCUC
_bfre
_cEG-GiCUC
_dEG-GiCUC
_eRda
041 0 _afre
082 0 4 _221
_a341.511
_bPR
092 0 4 _221
099 _aLaw1 11 341.511 PR 1947
245 0 0 _aProcès des Grands Criminels de Cuerre devant le tribunal militaire international.
264 1 _aNuremberg :
_b[Éditeur non spécifié],
_c1947.
300 _a674 page ;
_c 24 cm.
336 _2rda contenu
_a texte
337 _2rda medias
_aOrdinateur
338 _2 transporteur rda
_a Ressource en ligne
546 _aTexte en français
856 4 0 _uhttps://fll.law.cu.edu.eg/fulltext/bks/B11-09935.pdf
905 _a30
942 _2ddc
_cBK
_e21
_n0
999 _c69814
_d69814